Регионална библиотека "Любен Каравелов" - Русе

Приказки (Запис номер 11880)

MARC детайли
000 -Лидер
Контролно поле с фиксирана дължина 01199nam a2200313 c 4500
003 - Код на организацията, давaща контролен номер
Контролно поле BLK
005 - Дата и час на последна редакция
Контролно поле 20241104111039.0
008 - Елементи от данни с фиксирана дължина
fixed length control field 180412b bul|||||r ||||||| ||bul||
010 ## - Наследен системен номер
LC control number KNG00013452000
020 ## - Международен стандартен номер на книга ISBN
Международен стандартен номер на книга ISBN 954-527-027-6
-- издат.: Дамян Яков
040 ## - Източник на каталожния запис
Идентификатор на билиотеката - собственик на записа BLK
041 ## - Код за език
Код за езика на текст/звукозапис или на отделно заглавие Български
Код за езика КДБФ Български
080 ## - УДК
Текстов определител УДК Английска литература
УДК код - определител по УДК 821.111
УДК определител -93-34
УДК - код + определител 821.111-93-34
100 1# - Редна дума - Автор
Автор Уайлд, Оскар
Дати, свързани с автора 1854 - 1900
Автор - информация (биография) Английски писател, поет, драматург
Пълна форма на името Уайлд, Оскар Фингъл О'Флеърти Уилс
R(LIN) 132080
139 ## - Редно поле
Редна дума Уайлд, Оскар
Авторски знак Уаи - У 13
245 10 - Сведения за заглавието
Заглавие Приказки
Редно поле (дума) Оскар Уайлд.
257 ## - Страна на издаване
Страна на създаване/издаване Великобритания
260 ## - Област на издателските данни
-- София
Име на издателя, разпространителя и проч. Дамян Яков
Година на издаване 1995
Печатница Враца : Полипринт
300 ## - Физическа характеристика
Страници 176 с.
Илюстрации и др. с ил.
Размери/Мащаб 22 см
380 ## - Жанр
Жанр Детска худож. лит.
490 1# - СЕРИИ (Колекции)
Име на серия Библиотека Грахови зърна
№: серия 5
500 ## - Общи забележки
Забележка Ориг. загл. Fairy Tales / Oscar Wilde. - 6 000 тир.
852 ## - Местоположение
Форматна сигнатура Цб 212162
856 4# - Електронен адрес и достъп
Електронен формат pdf - файл
Път до файла /url/
856 4# - Електронен адрес и достъп
Електронен формат pdf - файл
Път до файла /url/
942 ## - АРТИКУЛИ
Вид на библиотечния материал Книги
Скрит в OPAC Не
Koha issues (borrowed), all copies 2
944 ## - СЪЗДАВАНЕ И РЕДАКЦИЯ на ЗАПИСА
Създаване/Редакция Създаване
Дата на регистрацията/редакция 15.01.2003
Служител, извършил регистрацията/редакцията 30560
Статус, дата на статуса Геновева Генчева
944 ## - СЪЗДАВАНЕ И РЕДАКЦИЯ на ЗАПИСА
Създаване/Редакция Редакция
Дата на регистрацията/редакция 15.01.2003
Служител, извършил регистрацията/редакцията
999 ## - СИСТЕМНИ КОНТРОЛНИ НОМЕРА
Koha biblionumber 11880
Koha biblioitemnumber 11880
Наличности
Код за отписване Код за изгубен артикул Източник на класификационната схема Код за повреда Коз за рестрикции Код за отдаване Артикулен № Име на библиотеката - собственик Име на библиотеката, в която се намира в момента Статус (Текущо местоположение) Дата на вписване в системата Местоположение - отдел Цена в лева Инвентарен номер Систематично азбучна сигнатура Баркод Номер на екземпляра Цена в евро Служебна бележка Служебен тип на артикула
  Не е изгубен Universal Decimal Classification Не е повреден само за читалня ползва се в читалня 20612 Регионална библиотека "Любен Каравелов" Русе Регионална библиотека "Любен Каравелов" Русе Хранилище 2002-08-08 Основен фонд - ползва се само за читалня 2.99 120000671231 Цб 298761 120000671231 1 1.53 Дост: Pk Вид: Ф N: 3352 Дата: 07.08.2002 Дата инв: 17.08.2015 Бележки инв: Д2015 Книги
Vip Innovations Ltd, Rousse, Bulgaria 2025